[Event "BCF-chT2a 1920 (4NCL)"]
[Site "Daventry"]
[Date "2020.01.12"]
[Round "4.18"]
[White "Davies, Merlin"]
[Black "Heffer, Judith"]
[Result "1/2-1/2"]
[WhiteElo "1529"]
[BlackElo "1598"]
[PlyCount "95"]
[EventDate "2020.01.11"]
[EventType "team-tourn"]
[EventRounds "11"]
[EventCountry "ENG"]
[SourceTitle "CBM 194 Extra"]
[Source "ChessBase"]
[SourceDate "2020.03.31"]
[SourceVersion "1"]
[SourceVersionDate "2020.03.31"]
[SourceQuality "1"]
[WhiteTeam "West is Best"]
[BlackTeam "Anglian Avengers"]
[WhiteTeamCountry "ENG"]
[BlackTeamCountry "ENG"]

1. e4 e6 2. d3 d5 3. Nd2 c5 4. g3 Nc6 5. Bg2 Nf6 6. f4 Be7 7. e5 Nd7 8. Ngf3 Qc7 9. Qe2 f6 10. exf6 Nxf6 11. Ne5 Nd4 12. Qd1 b6 13. c3 Nf5 14. Ndf3 Bd6 15. Qa4+ Bd7 16. Nxd7 Qxd7 17. Qxd7+ Nxd7 18. 0-0 Nf6 19. Ng5 Kd7 20. Bh3 g6 21. Bd2 h6 22. Nf3 Rae8 23. g4 Ng7 24. Ne5+ Bxe5 25. fxe5 Ng8 26. d4 h5 27. Rf7+ Re7 28. Raf1 hxg4 29. Bg5 Rxf7 30. Rxf7+ Ke8 31. Rxg7 gxh3 32. Rxa7 Rh5 33. Be3 cxd4 34. cxd4 Ne7 35. Rb7 Nf5 36. Bf2 Rg5+ 37. Kf1 Rg4 38. Rxb6 Kd7 39. Rb3 Re4 40. Rxh3 Nxd4 41. Bxd4 Rxd4 42. Ke2 Re4+ 43. Re3 Rh4 44. h3 g5 45. Kd3 g4 46. hxg4 Rxg4 47. a3 Kc6 48. Re2 1/2-1/2

[Event "BCF-ch Soanes op"]
[Site "Coventry"]
[Date "2015.08.02"]
[Round "5"]
[White "Heffer, Judith"]
[Black "London, Nick J"]
[Result "1/2-1/2"]
[WhiteElo "134"]
[BlackElo "137"]
[PlyCount "70"]
[EventDate "2015.07.31"]
[EventType "swiss"]
[EventRounds "5"]
[EventCountry "ENG"]
[SourceTitle "CBM 167 Extra"]
[Source "ChessBase"]
[SourceDate "2015.09.14"]
[SourceVersion "1"]
[SourceVersionDate "2015.09.14"]
[SourceQuality "1"]

1. e4 c5 2. Nf3 e6 3. d3 Nc6 4. Nbd2 Nge7 5. g3 d6 6. Bg2 g6 7. 0-0 Bg7 8. Re1 0-0 9. Nf1 Rb8 10. c3 b5 11. Bg5 b4 12. Qd2 Qa5 13. d4 Re8 14. Be3 Ba6 15. Rec1 Rb7 16. c4 cxd4 17. Nxd4 Ne5 18. b3 Ng4 19. Rab1 Nxe3 20. Nxe3 Qc5 21. Ne2 Nc6 22. Nc2 Rd8 23. Rd1 h5 24. Ned4 Ne5 25. h3 Kh7 26. Kh2 Bh6 27. f4 Rb6 28. Qe1 Nd7 29. Nf3 Bb7 30. Rd3 a5 31. Rbd1 Nf6 32. Nfd4 d5 33. exd5 exd5 34. cxd5 Bxd5 35. Bxd5 Nxd5 1/2-1/2